书目信息 |
| 题名: |
基本建设财务管理
|
|
| 作者: | 李学良 编 | |
| 分册: | ||
| 出版信息: | 大连 东北财经大学出版社 1987 |
|
| 页数: | 277页 | |
| 开本: | 19cm | |
| 丛书名: | ||
| 单 册: | ||
| 中图分类: | F285 | |
| 科图分类: | ||
| 主题词: | 基本建设--财务管理 | |
| 电子资源: | ||
| ISBN: | 978-7-81005-030-2 | |
| 000 | 00653nam0 2200229 450 | |
| 001 | 0100232107 | |
| 005 | 20050713104554.0 | |
| 010 | @a978-7-81005-030-2@dCNY1.90 | |
| 100 | @a19921223d1987 em y0chiy0110 ea | |
| 101 | 0 | @achi |
| 102 | @aCN@b210000 | |
| 105 | @ay z 000yy | |
| 106 | @ar | |
| 200 | 1 | @a基本建设财务管理@9Ji Ben Jian She Cai Wu Guan Li @f李学良编@b专著 |
| 210 | @a大连@c东北财经大学出版社@d1987 | |
| 215 | @a277页@d19cm | |
| 300 | @a会计师岗位专业知识培训电视教材 | |
| 606 | 0 | @a基本建设@x财务管理 |
| 690 | @aF285@v3 | |
| 701 | 0 | @a李学良@9li xue liang@4编 |
| 801 | 0 | @aCN@bAiZhiMarc@c19921223 |
| 905 | @aBZT@dF285@e1@f1@sF285/1 | |
| 基本建设财务管理/李学良编.-大连:东北财经大学出版社,1987 |
| 277页;19cm |
| 会计师岗位专业知识培训电视教材 |
| ISBN 978-7-81005-030-2:CNY1.90 |
| ● |
| 相关链接 |
|
|
|
正题名:基本建设财务管理
索取号:F285/1
 
预约/预借
| 序号 | 登录号 | 条形码 | 馆藏地/架位号 | 状态 | 备注 |
| 1 | 2000071641 | 2000071641 | 旧书回溯/ [索取号:F285/1] | 在馆 |